<?xml version="1.0" encoding="UTF-8"?>
<collection xmlns="http://www.loc.gov/MARC21/slim">
 <record>
  <leader>05785nam a2200349 a 4500</leader>
  <controlfield tag="001">kal1789</controlfield>
  <controlfield tag="003">Gr-AtHEAL</controlfield>
  <controlfield tag="005">20160425124530.0</controlfield>
  <controlfield tag="006">m        d        </controlfield>
  <controlfield tag="008">160413s2015    gr      s           gre|c</controlfield>
  <datafield tag="020" ind1=" " ind2=" ">
   <subfield code="a">9789606031038</subfield>
  </datafield>
  <datafield tag="040" ind1=" " ind2=" ">
   <subfield code="a">GR-AtHEAL</subfield>
   <subfield code="b">gre</subfield>
   <subfield code="c">GR-AtHEAL</subfield>
  </datafield>
  <datafield tag="082" ind1="0" ind2="4">
   <subfield code="a">530.1</subfield>
   <subfield code="2">23</subfield>
  </datafield>
  <datafield tag="100" ind1="1" ind2=" ">
   <subfield code="a">Βουγιατζής, Γεώργιος.</subfield>
   <subfield code="8">955</subfield>
  </datafield>
  <datafield tag="245" ind1="1" ind2="0">
   <subfield code="a">Εισαγωγή στα μη γραμμικά δυναμικά  συστήματα</subfield>
   <subfield code="h">[Ηλεκτρονικός πόρος] </subfield>
   <subfield code="b">Υπολογιστική προσέγγιση και εφαρμογές</subfield>
   <subfield code="c">Βουγιατζής, Γεώργιος ; Μελετλίδου, Ευθυμία ; Κριτικός αναγνώστης,Τσιγάνης, Κλεομένης ; Γραφιστική επιμέλεια,Κουμαρτζής, Νικόλαος ; Τεχνική επιμέλεια,Κουμάρτζης, Νικόλαος ; Τεχνική επιμέλεια,Σφυράκης, Χρυσοβαλάντης.</subfield>
  </datafield>
  <datafield tag="260" ind1=" " ind2=" ">
   <subfield code="a">Αθήνα :</subfield>
   <subfield code="b">Σύνδεσμος Ελληνικών Ακαδημαϊκών Βιβλιοθηκών,</subfield>
   <subfield code="c">c2015.</subfield>
  </datafield>
  <datafield tag="490" ind1=" " ind2=" ">
   <subfield code="a">Ακαδημαϊκά Ηλεκτρονικά Συγγράμματα και Βοηθήματα Κάλλιπος</subfield>
   <subfield code="8">40</subfield>
  </datafield>
  <datafield tag="520" ind1=" " ind2=" ">
   <subfield code="a">Το βιβλίο αυτό αποτελεί μια εισαγωγή στη μελέτη των Μη Γραμμικών Συστημάτων και απευθύνεται σε προπτυχιακούς φοιτητές 3ου- 4ου έτους των Θετικών Επιστημών ή Μηχανικών. Επίσης θα μπορούσε να χρησιμοποιηθεί και ως βάση σε ένα αντίστοιχο μάθημα ενός Μεταπτυχιακού Προγράμματος Σπουδών. Το βιβλίο έχει ως στόχο να κατανοήσει ο φοιτητής τις βασικές μεθόδους που χρησιμοποιούμε στα δυναμικά συστήματα, τα όριά τους, την έννοια της ευστάθειας και ποιες είναι οι αναγκαίες συνθήκες για να παρουσιαστεί πολύπλοκη συμπεριφορά. Επειδή η αναλυτική μαθηματική προσέγγιση ενός δυναμικού συστήματος εν’ γένει είναι δύσκολη για ένα προπτυχιακό φοιτητή, εστιάζουμε σε υπολογιστικές τεχνικές. Χρησιμοποιούμε το Mathematica (ή το ελεύθερο λογισμικό Mathics) το οποίο συνδυάζει με εύκολο τρόπο αναλυτικούς και αριθμητικούς υπολογισμούς καθώς και γραφικά.  Το βιβλίο αρχικά διαπραγματεύεται απλά μηχανικά συστήματα και γενικότερα αυτόνομα συνεχή συστήματα σε δύο διαστάσεις. Περιγράφονται αναλυτικά τα βασικά σημεία της δυναμικής όπως, σημεία ισορροπίας, ευστάθεια, χαρακτηριστικά της τοπολογίας του χώρου φάσεων, διακλαδώσεις περιοδικές λύσεις και οριακοί κύκλοι. Τα χαρακτηριστικά αυτά περιγράφονται, κυρίως υπολογιστικά, και για συστήματα τριών διαστάσεων. Για τα μη αυτόνομα συστήματα, μένουμε στη μια διάσταση και σε συστήματα ταλαντωτών με εξωτερική περιοδική διαταραχή. Περιγράφονται οι πιθανές περιπτώσεις συμπεριφοράς (περιοδικές ή ημιπεριοδικές ταλαντώσεις, οριακοί κύκλοι, χαοτική συμπεριφορά) Το δεύτερο μέρος του βιβλίου αναφέρεται σε διακριτά συστήματα μιας και δύο διαστάσεων. Μελετάμε τα σταθερά και περιοδικά τους σημεία καθώς και τη γραμμική τους ευστάθεια. Μέσα από κλασσικά συστήματα (όπως η λογιστική απεικόνιση) δείχνουμε τη μετάβαση από την τάξη στο χάος και δίνουμε την ιδιότητα του χάους με αυστηρό μαθηματικό ορισμό. Στο τέλος παρουσιάζουμε την απεικόνιση του πετάλου του Smale και την δημιουργία του ομοκλινικού πλέγματος σε διατηρητικές απεικονίσεις.</subfield>
  </datafield>
  <datafield tag="650" ind1=" " ind2="0">
   <subfield code="a">Mathematical physics</subfield>
   <subfield code="8">2151</subfield>
  </datafield>
  <datafield tag="653" ind1=" " ind2=" ">
   <subfield code="a">Υπολογιστική φυσική</subfield>
  </datafield>
  <datafield tag="653" ind1=" " ind2=" ">
   <subfield code="a">Χάος</subfield>
  </datafield>
  <datafield tag="653" ind1=" " ind2=" ">
   <subfield code="a">Ταλαντώσεις</subfield>
  </datafield>
  <datafield tag="653" ind1=" " ind2=" ">
   <subfield code="a">Τροχιές</subfield>
  </datafield>
  <datafield tag="653" ind1=" " ind2=" ">
   <subfield code="a">Δυναμική</subfield>
  </datafield>
  <datafield tag="653" ind1=" " ind2=" ">
   <subfield code="a">Φυσική</subfield>
   <subfield code="a">Γενική φυσική</subfield>
   <subfield code="a">Μη γραμμικά δυναμικά συστήματα</subfield>
  </datafield>
  <datafield tag="700" ind1="1" ind2=" ">
   <subfield code="a">Μελετλίδου, Ευθυμία</subfield>
   <subfield code="e">Συγγραφέας</subfield>
   <subfield code="8">956</subfield>
  </datafield>
  <datafield tag="700" ind1="1" ind2=" ">
   <subfield code="a">Τσιγάνης, Κλεομένης</subfield>
   <subfield code="e">Κριτικός αναγνώστης</subfield>
   <subfield code="8">957</subfield>
  </datafield>
  <datafield tag="856" ind1="4" ind2="0">
   <subfield code="u">http://hdl.handle.net/11419/1789</subfield>
   <subfield code="z">Πλήρες Κείμενο - Full text</subfield>
  </datafield>
  <datafield tag="907" ind1=" " ind2=" ">
   <subfield code="a">.b25679302</subfield>
   <subfield code="b">12-06-18</subfield>
   <subfield code="c">29-07-16</subfield>
  </datafield>
  <datafield tag="949" ind1=" " ind2=" ">
   <subfield code="0">0</subfield>
   <subfield code="1">0</subfield>
   <subfield code="2">ddc</subfield>
   <subfield code="4">0</subfield>
   <subfield code="6">530_100000000000000_ΒΟΥ</subfield>
   <subfield code="7">0</subfield>
   <subfield code="8">KALL</subfield>
   <subfield code="8">689</subfield>
   <subfield code="d">2016-04-13</subfield>
   <subfield code="r">2016-04-13</subfield>
   <subfield code="w">2016-04-13</subfield>
   <subfield code="z">530.1 ΒΟΥ</subfield>
   <subfield code="o">SEAB KALLIPOS</subfield>
  </datafield>
  <datafield tag="998" ind1=" " ind2=" ">
   <subfield code="a">80</subfield>
   <subfield code="a">01</subfield>
   <subfield code="a">02</subfield>
   <subfield code="a">03</subfield>
   <subfield code="a">04</subfield>
   <subfield code="a">05</subfield>
   <subfield code="a">06</subfield>
   <subfield code="a">07</subfield>
   <subfield code="a">08</subfield>
   <subfield code="a">09</subfield>
   <subfield code="a">10</subfield>
   <subfield code="a">11</subfield>
   <subfield code="a">12</subfield>
   <subfield code="a">13</subfield>
   <subfield code="a">14</subfield>
   <subfield code="a">15</subfield>
   <subfield code="a">16</subfield>
   <subfield code="a">17</subfield>
   <subfield code="a">18</subfield>
   <subfield code="a">19</subfield>
   <subfield code="a">20</subfield>
   <subfield code="a">21</subfield>
   <subfield code="a">22</subfield>
   <subfield code="a">23</subfield>
   <subfield code="a">24</subfield>
   <subfield code="a">25</subfield>
   <subfield code="a">26</subfield>
   <subfield code="b">16-05-17</subfield>
   <subfield code="c">m</subfield>
   <subfield code="d">z  </subfield>
   <subfield code="e">-</subfield>
   <subfield code="f">gre</subfield>
   <subfield code="g">gr </subfield>
   <subfield code="h">0</subfield>
  </datafield>
  <datafield tag="942" ind1=" " ind2=" ">
   <subfield code="2">ddc</subfield>
   <subfield code="c">KALLIPOS</subfield>
  </datafield>
 </record>
</collection>
